000 01049nam a2200277Ia 4500
003 OSt
005 20221005105018.0
006 a|||||r|||| 00| 0
007 ta
008 221004b |||||||| |||| 00| 0 hin d
020 _a8185999899 (hbk)
_c250
024 _a99895
037 _b366, 04/03/2010, Swaraj Prakashan
_cTextual
040 _aCRL
_cCRL
_bhin
041 _2hin
_ahin
082 _aWxM851, 152P6
100 _aलूकाच, जार्ज
245 0 _aसमकालीन यथार्थवाद
246 _aSamakālīn yathārthavāda
260 _aदिल्ली
_bस्वराज प्रकाशन भारत
_c2006
300 _a127पृ0
_ccm.
650 _aराजनीतिक विज्ञान
700 _a चौहान, कर्ण सिंह, अनु.
942 _hWxM851, 152P6
_cTEXL
_2cc
999 _c1014461
_d1014461